| 000 | 00932cab a2200289 4500 | ||
|---|---|---|---|
| 001 | ABS55174 | ||
| 008 | 090401t1996 xxu||||| |||| 00| 0 eng d | ||
| 035 | _a(Sirsi) u14651 | ||
| 041 | _aeng | ||
| 100 | _aEdwards, D. | ||
| 245 | 4 | _aThe greenhouse effect; impact upon and the role to be played by construction | |
| 260 | _c1996 | ||
| 350 | _a0 | ||
| 490 |
_aBuilding Research and Information _v24(2) March/April 1996, 97-103(7) |
||
| 520 | _aLooks at environmental issues in the context of construction industry carbon dioxide emissions. Suggests ways to decrease pollution. | ||
| 650 | _aAIR POLLUTION | ||
| 650 | _aCARBON DIOXIDE EMISSIONS | ||
| 650 | _aCONSTRUCTION INDUSTRY EMISSIONS | ||
| 650 | _aGLOBAL WARMING | ||
| 650 | _aGREEN ISSUES | ||
| 650 | _aGREENHOUSE EFFECT | ||
| 690 | _aENVIRONMENTAL AND LAND CONSULTANCY | ||
| 700 | _aHarris, P | ||
| 700 | _aHolt, G. | ||
| 942 | _n0 | ||
| 948 | _c04/03/1997 | ||
| 999 |
_c9560 _d9560 |
||